Insira o número de zeros solicitado - Statistics

Estatísticas Gerais
  • Esse quiz foi jogado 52 vezes
  • A pontuação média é 14 de 15
Estatísticas das Respostas
Hint Resposta % Correto
16 0000000000000000 1
100%
10 0000000000 2
95%
7 + 9 0000000000000000 3
93%
8 00000000 5
93%
3 + 3 000000 4
93%
4 0000 6
93%
1 0 7
93%
18 000000000000000000 9
90%
12 000000000000 8
90%
9 000000000 10
90%
17 - 9 00000000 11
90%
2 00 12
90%
20 00000000000000000000 13
88%
11 + 11 0000000000000000000000 14
79%
25 0000000000000000000000000 15
76%
Nenhum quiz correspondente encontrado
Distribuição das Pontuações
Porcentagem de Pessoas com Cada Pontuação
Percentil de Números Respondidos
Sua Pontuação Histórica
Você não jogou esse quiz